00777nab a2200229 uc450000100070000000500170000700800410002403500110006503500210007604000130009704100080011010000410011824500790015965000270023865000250026565000320029065000320032265000330035477301310038799900190051894200100053735046220240201131037.0990308e19971101 spa  a350462 a(OCoLC)819774014 ccomduadb aspa10aRothstein, Richard4auteaut929015013aLa fuerza de los sindicatos estadounidenses. Lecciones de la Huelga de UPS 7aSindicatos2lemb92275 aEstados Unidos94702 aRelaciones laborales915329 aConvenios colectivos917084 aLegislación laboral9329520 tRevista Internacional del Trabajo (Ginebra)gVolumen 116, Número 04, Noviembre de 1997, p. 509-534w141440x0378-5548077619 c113241d113241 cARIMP